| 000 | 00573cam a22002177a 4500 | ||
|---|---|---|---|
| 001 | 000071 | ||
| 003 | armpunfd | ||
| 005 | 20140612090557.0 | ||
| 008 | 011019e1964####xx#a##########000#0#und#d | ||
| 040 |
_aarmpunfd _carmpunfd |
||
| 080 | _a34(37) R 921 | ||
| 100 | 1 | 0 | _a Russomanno, Mario C. |
| 245 | 1 | 0 | _aPosesion en el derecho romano |
| 260 |
_a Buenos Aires _b Esnaola _cIMPR. DE 1964 |
||
| 300 | _a67 p. | ||
| 650 | 7 |
_a Derecho Romano _2LEMB |
|
| 942 |
_cLB _2cdu |
||
| 945 |
_aCatalis _d2010-08-19 |
||
| 945 |
_aCatalis _d2010-08-19 |
||
| 945 |
_aCatalis _d2010-08-19 |
||
| 999 |
_c70 _d230574 |
||